TNO Russian Warlords - Statistics

General Stats
  • This quiz has been taken 275 times
  • The average score is 21 of 38
Answer Stats
Region Can Unify Russia? Answer % Correct
West Siberia Yes Siberian Black League
90%
West Russia Yes Komi Republic
85%
Central Siberia Yes Central Siberian Republic
77%
West Russia Yes West Russian Revolutionary Front
74%
West Russia Only Regionally Anti-Communist Volunteer Guard
73%
Far East Yes Free State of Magadan
73%
West Russia Yes Aryan Brotherhood
71%
West Russia Yes Committee for the Liberation of the Peoples of Russia
70%
Central Siberia Yes Federation of Novosibirsk and Altay
68%
West Russia Yes Principality of Vyatka
67%
Far East Yes All-Russian Government of Amur
66%
West Siberia Yes West Siberian People's Republic
63%
South Urals Only Regionally 36th Waffen SS Panzer-Grenadier Brigade
62%
Far East Yes Presidium of the Supreme Soviet
62%
West Russia No Military Control Commission in Gorky
59%
West Siberia No Vorkuta Corrective Labor Camp
59%
Far East Yes Buryat Autonomous Soviet Socialist Republic
58%
South Urals Only Regionally Orenburg Communes
57%
West Siberia No Free Aviators
56%
West Siberia No Thief Territory of Yugra
54%
West Russia No Neutral State of Vologda
51%
Far East No The Pacific Fleet
50%
West Siberia Only Regionally Zlatoust Republic
50%
West Siberia Yes Ural Military District
49%
Far East Yes Transbaikal Principality
48%
West Russia No Tatar Republic
47%
Central Siberia Yes Principality of Kemerovo
46%
Central Siberia Yes Siberian Black Army
46%
South Urals Only Regionally Ural League
46%
West Russia No Order of Saint George
42%
Far East No Sakha Republic
39%
South Urals Only Regionally People's Republic of Magnitogorsk
38%
Central Siberia No Provisional Government of Krasnoyarsk
38%
Far East Maybe? Divine Mandate of Siberia
36%
West Russia No Republic of Bashkortostan
34%
Central Asia No Kazakh Soviet Socialist Republic
27%
Central Siberia Used To People's Revolutionary Council
26%
Central Siberia No Karakorum Government of Oyrotia
23%
No matching quizzes found
Score Distribution
Percent of People with Each Score
Percentile by Number Answered
Your Score History
You have not taken this quiz